| 000 | 00337 a2200145 4500 | ||
|---|---|---|---|
| 001 | 90644 | ||
| 082 | _a658.787 WIL | ||
| 090 |
_c42935 _d42935 |
||
| 100 | _aWild Tony | ||
| 245 | _aBest practice in inventory management, 2/e | ||
| 250 | _a2 | ||
| 260 |
_aLondon _bRoutledge _c2011 |
||
| 300 | _ax, 265 p. | ||
| 500 | _aDOS textbook | ||
| 942 |
_aCAE NUST _k658.787 WIL |
||
| 999 |
_c325717 _d325717 |
||